Responses for Show #8682 - Tuesday, July 12, 2022

Contestants

[<< previous game]

Ben Coller, a history teacher from East Brunswick, New Jersey

Tehmeena Malik, a business developer from Edmonton, Alberta, Canada

Steve Clarke, a lawyer from Chesapeake, Virginia (whose 1-day cash winnings total $18,401)

[next game >>]

Jeopardy! Round responses

HUMAN ANATOMY
THE LYIN' KING
WHO'S IN THAT COMMERCIAL?
IN DISPOSABLE
(Mayim: Responses are made up of the letters in "disposable".)
NATIONAL-SOUNDING ITEMS
WELCOME TO THE JUNGLE
    $200 8
(Tehmeena: What is trapezius?)

biceps

SteveTehmeena
    $200 16
Ivan the Terrible

Steve
    $200 4
Colonel Sanders

Tehmeena
    $200 1
bop

Steve
    $200 13
a Swiss Army knife

Tehmeena
    $200 19
a jungle gym

Steve
    $400 9
membrane

Steve
    $400 24
Odysseus

Triple Stumper
    $400 3
(Steve: What are Ritz?)

Goldfish crackers

Steve
Triple Stumper
    $400 2
plead

Triple Stumper
    $400 14
a Russian nesting doll

Ben
    $400 20
Bangladesh

Tehmeena
    $600 10
the gallbladder

Steve
    $600 26
Belgium

Steve
    $600 5
Demi Moore & Mila Kunis

Ben
    $600 25
diablo

Ben
    $600 15
(Tehmeena: What are meatballs?)
[Mayim says nothing]
(Tehmeena: What are [*]?)

Swedish meatballs

Tehmeena
    $600 21
Upton Sinclair

Steve
    $800 11
the brain

Tehmeena
    $1,000 29
(Mayim: He endlessly rolled that rock up the hill.)

Sisyphus

Steve
    $800 6
Vanilla Ice

Tehmeena
    $800 27
a base

Steve
    $800 17
(Ben: What is Scotch Tape?)

Scotchgard

SteveBen
    $800 22
(Steve: Who is Steve Miller?)
(Ben: Who is Steve Winwood?)

Morris Day

SteveBen
Triple Stumper
    $1000 12
alveoli

Steve
    $1000 30
King John

Tehmeena
    $1000 7
(Leslie) Mann

Tehmeena
    $1000 28
piebald

Triple Stumper
    $1000 18
a French cuff

Steve
    $1000 23
Boston

Steve

Scores at the first commercial break (after clue 15):

Steve Tehmeena Ben
$2,000 $3,400 $1,000

Scores at the end of the Jeopardy! Round:

Steve Tehmeena Ben
$7,400 $4,800 $0

Double Jeopardy! Round responses

LAKES & RIVERS & A MOUNTAIN
VAMPIRES IN LITERATURE
THE ALEXANDER FILES
SOUNDS SMART
ON THE LABEL
"TOP" OF THE POPS
    $400 6
(Tehmeena: What is Lake Superior?)
(Steve: What is Lake Ontario?)

Lake Erie

SteveTehmeenaBen
    $400 19
the throat

Ben
    $400 11
(Ben: What is Cairo?)
(Tehmeena: What is Greece?)
(Steve: What is Istanbul?)

Alexandria

SteveTehmeenaBen
Triple Stumper
    $400 16
(Ben: What is success?)

genius

SteveBen
    $400 26
(Steve: What is denim?)

cotton

SteveBen
    $400 1
ZZ Top

Steve
    $800 7
the Rhine

Tehmeena
    $800 20
I Am Legend

Ben
    $800 12
a bear

Steve
    $800 17
brilliant

Steve
    $800 27
Paris

Steve
    $800 2
the Four Tops

Triple Stumper
    $1200 8
(Steve: What are the Himalayas?)

Karakoram

Steve
Triple Stumper
    $1200 21
Anne Rice

Ben
    $1200 13
penicillin

Steve
    $1200 18
intelligence

Ben
    $1200 28
80 proof

Triple Stumper
    $1200 3
a spinning top

Ben
    $1600 9
the Mekong

Steve
    $1600 22
Let the Right One In

Ben
    $2,000 14
Yugoslavia

Steve
    $1600 24
acuity

Steve
    $1600 29
(Steve: What is baking soda?)
(Tehmeena: What is peroxide?)

hydrogen peroxide

SteveTehmeena
Triple Stumper
    $1600 4
"It's A Long Way To The Top"

Ben
    $2000 10
the Zambezi

Steve
    $2000 23
Alexandre Dumas

Triple Stumper
    $2000 15
Canada

Tehmeena
    $2000 25
(Tehmeena: What is gray matter?)

little grey cells

Tehmeena
Triple Stumper
    $5,000 30
condensed

Steve
    $2000 5
The Box Tops

Ben

Scores at the end of the Double Jeopardy! Round:

Steve Tehmeena Ben
$20,000 $3,200 $10,000
(lock-tie game)

[wagering suggestions for these scores]

Final Jeopardy! Round responses

PAIRS IN ASTRONOMY
TehmeenaWhat are Eros and Apollo
$3,200
BenWhat are Phobos & Deimos?
$3,000
SteveWhat are Sagitarrius?
$1
Phobos & Deimos

Final scores:

Steve Tehmeena Ben
$19,999 $0 $13,000
2-day champion: $38,400 3rd place: $1,000 2nd place: $2,000

Game dynamics:

Coryat scores:

Steve Tehmeena Ben
$16,400 $3,200 $10,000
25 R
(including 3 DDs),
7 W
10 R,
5 W
13 R,
4 W

Combined Coryat: $29,600

[game clues] [game scores] [suggest correction]

Game tape date: 2022-05-06
The J! Archive is created by fans, for fans. Scraping, republication, monetization, and malicious use prohibited; this site may use cookies and collect identifying information. See terms. The Jeopardy! game show and all elements thereof, including but not limited to copyright and trademark thereto, are the property of Jeopardy Productions, Inc. and are protected under law. This website is not affiliated with, sponsored by, or operated by Jeopardy Productions, Inc. Join the discussion at JBoard.tv.